The prayer of Jesus : (Запис № 538597)
[ простий вигляд ]
| 000 -LEADER | |
|---|---|
| fixed length control field | 01456cam a2200337Ii 4500 |
| 001 - CONTROL NUMBER | |
| control field | prayerofjesusits00monk |
| 003 - CONTROL NUMBER IDENTIFIER | |
| control field | CaSfIA |
| 005 - DATE AND TIME OF LATEST TRANSACTION | |
| control field | 20210118211702.0 |
| 007 - PHYSICAL DESCRIPTION FIXED FIELD--GENERAL INFORMATION | |
| fixed length control field | cr|||| |
| 008 - FIXED-LENGTH DATA ELEMENTS--GENERAL INFORMATION | |
| fixed length control field | 770916s1967 nyu 000 0 eng |
| 010 ## - LIBRARY OF CONGRESS CONTROL NUMBER | |
| LC control number | 67017677 |
| 040 ## - CATALOGING SOURCE | |
| Original cataloging agency | DLC |
| Transcribing agency | RSC |
| Modifying agency | OCL |
| -- | OCLCQ |
| -- | NLGGC |
| -- | QE2 |
| -- | CaSfIA |
| 035 ## - SYSTEM CONTROL NUMBER | |
| System control number | (OCoLC)3269100 |
| 041 1# - LANGUAGE CODE | |
| Language code of text/sound track or separate title | eng |
| Language code of original and/or intermediate translations of text | fre |
| 050 #4 - LIBRARY OF CONGRESS CALL NUMBER | |
| Classification number | BT590.J28 |
| Item number | P7413 |
| 082 #4 - DEWEY DECIMAL CLASSIFICATION NUMBER | |
| Classification number | 248.31 |
| 084 ## - OTHER CLASSIFICATION NUMBER | |
| Classification number | 11.63 |
| Source of number | bcl |
| 029 1# - (OCLC) | |
| OCLC library identifier | NLGGC |
| System control number | 250211637 |
| 130 0# - MAIN ENTRY--UNIFORM TITLE | |
| Uniform title | La prière de Jesus. |
| Language of a work | English. |
| 245 14 - TITLE STATEMENT | |
| Title | The prayer of Jesus : |
| Medium | [electronic resource] |
| Remainder of title | its genesis, development and practice in the Byzantine-Slavic religious tradition / |
| Statement of responsibility, etc | a monk of the Eastern Church ; translated from the fourth French edition by a monk of the Western Church. |
| 260 ## - PUBLICATION, DISTRIBUTION, ETC. (IMPRINT) | |
| Place of publication, distribution, etc | New York : |
| Name of publisher, distributor, etc | Desclee, |
| Date of publication, distribution, etc | [1967] |
| 300 ## - PHYSICAL DESCRIPTION | |
| Extent | 124 p. ; |
| Dimensions | 24 cm. |
| 504 ## - BIBLIOGRAPHY, ETC. NOTE | |
| Bibliography, etc | Bibliographical footnotes. |
| 506 ## - RESTRICTIONS ON ACCESS NOTE | |
| Standardized terminology for access restriction | Необхідна авторизація на https://archive.org/ (створення облікового запису безкоштовно) |
| 506 ## - RESTRICTIONS ON ACCESS NOTE | |
| Standardized terminology for access restriction | Необхідна авторизація на https://openlibrary.org/ (створення облікового запису безкоштовно) |
| 630 00 - SUBJECT ADDED ENTRY--UNIFORM TITLE | |
| Uniform title | Jesus prayer. |
| 650 17 - SUBJECT ADDED ENTRY--TOPICAL TERM | |
| Topical term or geographic name as entry element | Jezusgebed. |
| Source of heading or term | gtt |
| 700 0# - ADDED ENTRY--PERSONAL NAME | |
| Personal name | A monk of the Eastern Church. |
| 856 41 - ELECTRONIC LOCATION AND ACCESS | |
| Uniform Resource Identifier | <a href="http://www.archive.org/details/prayerofjesusits00monk">http://www.archive.org/details/prayerofjesusits00monk</a> |
| Public note | Free eBook from the Internet Archive |
| 942 ## - ADDED ENTRY ELEMENTS (KOHA) | |
| Koha item type | ЕКнига |
Немає доступних примірників.